000 00515nam a2200193Ia 4500
005 20250423100150.0
008 250422s9999 xx 000 0 und d
020 _a9780132384704
050 _aRS 57 .O47/
100 _aOlsen et al.
245 0 _aMedical dosage calculations
250 _a9th ed.
260 _aNew Jersey
260 _bPearson Prentice Hall
260 _c2008
300 _a344 p
650 _aPharmaceutical arithmetic. Pharmaceutical arithmetic--Problems, exercises, etc.
942 _cBK
999 _c32475
_d32475